Estudio de prefactibilidad para la creación de una planta procesadora y comercializadora de queso en el municipio de Comalapa, Chontales

Presenta estudio de prefactibilidad para la instalación de una planta procesadora y comercializadora de queso en el cual se realizó un estudio de mercado para encontrar la demanda un estudio técnico para la localización, tamaño óptimo, equipo necesario para el proceso del queso.

Bibliographic Details
Main Authors: Obregón Hernández, Ferrán Antonio, Duarte Gómez, Martin Alejandro, Reyes Malespín, Alejandro David
Other Authors: Tutor: Lacayo Chávez, Miguel Ernesto
Format: Tesis Section = Libro
Language:Undetermined
Spanish
Published: Juigalpa UNI/RUACS 2018
Subjects:
LEADER 01301nam a2200289Ia 4500
008 240830s9999 xx 000 0 und d
040 |a BIBLIOTECA-RUPAP Mon 658.404 O-13 
041 |a spa 
082 |a Mon 658.404 O-13 
100 1 |a Obregón Hernández, Ferrán Antonio 
100 1 |b  Duarte Gómez, Martin Alejandro 
100 1 |c  Reyes Malespín, Alejandro David 
245 1 0 |a Estudio de prefactibilidad para la creación de una planta procesadora y comercializadora de queso en el municipio de Comalapa, Chontales 
260 |a Juigalpa  |b UNI/RUACS  |c 2018 
300 |a 100 p. :il. 
500 |a Contiene anexos 
502 |a Tesis (Ingeniero Agroindustrial)- UNI, 2018. 
520 3 |a Presenta estudio de prefactibilidad para la instalación de una planta procesadora y comercializadora de queso en el cual se realizó un estudio de mercado para encontrar la demanda un estudio técnico para la localización, tamaño óptimo, equipo necesario para el proceso del queso. 
650 7 |a PLANTA PROCESADORA DE QUESO PROYECTOS 
650 7 |b  ESTUDIO DE PREFACTIBILIDAD 
650 7 |c QUESO – COMERCIALIZACION 
650 7 |d ESTUDIO DE MERCADO 
650 7 |e ESTUDIO FINANCIERO 
700 1 |a Tutor:  |b Lacayo Chávez, Miguel Ernesto 
942 |c BK  |2 ddc 
991 |a TESIS 
999 |c 17385